000 nam a22 7a 4500
999 _c52845
_d52845
003 OSt
005 20220910124235.0
008 220706b xxu||||| |||| 00| 0 eng d
040 _cIIMT UNIVERSITY MEERUT
100 _aISRANI, SWEETY
245 _aINTRODUCTION TO BIOSCIENCE
260 _bS.K. KATARIA
_aNEW DELHI
_c2013
300 _a136
942 _2ddc
_c09